Nemecký jazyk pre 3. ročník stredných škôl

Bibliographic Details
Main Authors: Šimková, Vladimíra (Author), Kupkovič, Alexander, 1933- (Author, Translator), Kušková, Hana (Author)
Other Authors: Juračková, Arna (Illustrator)
Format: Book
Language:German
PhysicalDescription:255 s. ilustr., tab. 21 cm
Published: Bratislava Slovenské pedagogické nakladateľstvo 1998
ISBN:800802741X
Edition:5. vyd.
Subjects:

MARC

LEADER 00000nam a2200000 a 4500
001 vtls001329004
003 SK-MaSNL
005 20260301235636.0
008 240313s1998 xo ape r yy ger
015 |a SNBA1998/08-02912 
020 |a 800802741X 
035 |a SNK000281840 
035 |a urn:nbn:sk:snk-amjc9y 
035 |a urn:nbn:sk:snk-am003fx0 
035 |a 91CA573B-4E64-4FE4-A4AA-A698AD88170D 
040 |a SNK  |b slo  |c SNK  |e AACR2 
041 0 |a ger 
044 |a xo  |c SK 
080 |a 803.0(075.3)  |2 1981 
100 1 |a Šimková, Vladimíra  |4 aut  |9 47147 
245 1 0 |a Nemecký jazyk pre 3. ročník stredných škôl  |c Vladimíra Šimková, Alexander Kupkovič, Hana Kušková ; [preložil Alexander Kupkovič] 
250 |a 5. vyd. 
260 |a Bratislava  |b Slovenské pedagogické nakladateľstvo  |c 1998 
300 |a 255 s.  |b ilustr., tab.  |c 21 cm 
500 |a Ilustr. na front. 
500 |a Údaj o prekl. prevzatý z rubu tit. strany 
500 |a Ilustr. Arna Juračková 
504 |a Slovník 
650 0 7 |a nemčina  |x učebnice stred. škôl (3. roč.)  |2 SNK  |9 633158 
655 7 |a učebnice  |2 SNK  |9 22521 
700 1 |a Kupkovič, Alexander,  |d 1933-  |4 aut  |4 trl  |9 8513 
700 1 |a Kušková, Hana  |4 aut  |9 45150 
700 1 |a Juračková, Arna  |4 ill  |9 501877 
919 |a 80-08-02741-X 
958 |a TL 
958 |a OP 
958 |a NS 
958 |a CZ 
958 |a UC 
968 |b ČES 
999 |c 976009  |d 977939 
952 |t P60, <03>, [BOOK], {603}  |a SNK  |b SNK  |y PREZ  |7 0  |p 17A0134866  |o snkSC 95804  |i snkKSP 4528/98  |0 0  |1 0  |4 0  |d 1998-04-27  |f 1  |l 0  |r 2025-09-12 00:00:00  |w 2026-02-24 
952 |t P60, <04>, [BOOK], {604}  |a SNK  |b SNK  |y VYP  |7 0  |p 17A0134867  |o snkSC 95804 D1  |i snkKSP 4529/98  |0 0  |1 0  |4 0  |d 1998-04-27  |l 0  |r 2005-01-02 00:00:00  |w 2026-02-24 
952 |t P60, <09>, [BOOK], {629}  |a SNK  |b SNK  |y NEVYP  |7 0  |o snkC 452  |i snk843/980504  |0 0  |1 0  |4 0  |d 1998-04-30  |l 0  |r 2005-01-02 00:00:00  |w 2026-02-24